1520 1896 1542 1504 1950 1381 1475 1124 1346 1620 1675 1515 1089 1851 1768 1947 1496 1845 1835 1213 1207 1093 1465 1699 1558 1590 1715 1457 1722 1395 1167 1777 1184 1701 1969 1804 1508 1860 1115 1784 1878 1905 1478 1398 1669 1689 1135 1499 1086 1339 1113 1232 1039 1595 1650 1827 1753 1120 1093 1431 1310 1597 1586 1766 1295 1727 1247 1030 1050 1440 1004 1227 1999 1988 1865 1854 1538 1622 1547 1796 1492 1251 1481 1025 1908 1231 1733 1670 1806 1824 1075 1846 1129 1738 1855 1519 1055 1086 1052 BCNSPRNW ULIB Ver.6.0+V

เปลี่ยนเป็นภาษาไทย

Change to English
 แสดงรายละเอียดบรรณานุกรม
  กลับหน้าหลัก

Brief Record : Get Marc (ISO 2709) : E-mail record : QR code < ปิดหน้าต่าง
LEADER : 00000nam 2200000uu 4500
001    13399125671
003     ULIB
008    170713s2559||||th 000 0 tha d
020    ^a9786161810573
060  0 ^aQV766^bพ237ป
100 0  ^aพรดี จันทรเวชชสมาน^eเรียบเรียง
245 00 ^aประโยชน์มหัศจรรย์ : น้ำมันงา /^cพรดี จันทรเวชชสมาน^eเรียบเรียง
260    ^aกรุงเทพฯ :^bอมรินทร์เฮลท์ อมรินทร์พริ้นติ้งแอนด์พับลิชชิ่ง,^c2559
300    ^a102 หน้า :^bภาพประกอบ ;^c21 ซม.
650  0 ^aพืชน้ำมัน^xงา
650  0 ^aน้ำมันงา
650  0 ^aสมุนไพร^xการปรุงอาหาร(งา)^yการรักษาโรค
650  0 ^aความงาม
945    ^p89^l0^i25252
999    ^aกัณชพร จุลอักษร
รายการนี้ยังไม่มีแท็ก
คุณยังไม่ได้ล็อกอิน คุณสามารถมีกิจกรรมร่วมกับเว็บไซต์ได้ แต่ต้องล็อกอินก่อน ::
  ล็อกอิน

รายการสื่อสารสนเทศ

ลำดับที่ ประเภท เลขเรียก/บาร์โค้ด สถานที่ สถานะ
1. วิทยาศาสตร์การแพทย์ และสุขภาพ
วิทยาศาสตร์การแพทย์ และสุขภาพ
QV766 พ237ป ฉ.1 
  Barcode: 25252
ห้องสมุดวิทยาเขตนครสวรรค์
►หนังสือทั่วไป:l:General Books
บนชั้น

รายการใกล้เคียง
    หัวเรื่อง [น้ำมันงา]
    หัวเรื่อง [ความงาม]

BibComment


ยังไม่เคยถูกคอมเมนท์

คอมเมนท์ทรัพยากรรายการนี้
  คอมเมนท์: ประโยชน์มหัศจรรย..


 Copyright 2026. Bcnsprnw @Library